000 00987nam a2200265 a 4500
001 000003676
003 DO-SdBNP
005 20260321073638.0
008 090713s2005 dr 000 0 spa d
020 _a9945406051
040 _aDO-SdBNP
_bspa
_cBNPHU
082 4 _a320.97293
_bB742c, 2005
_222
100 1 _a Bosch, Juan,
_d1909-2001
_976555
245 1 0 _aCrisis de la democracia de América Latina en la República Dominicana /
_cJuan Bosch ; cuidado de la edición, Rafael Julián y Diómedes Núñez Polanco.
250 _aCuarta edición
260 _aSanto Domingo :
_bAlfa y Omega,
_c2005.
300 _a233 p. :
_b22 cm.
590 _aInventariado, 2018/ YL
651 0 _aRepública Dominicana
_xPolítica y gobierno
_945
651 7 _aRepública Dominicana
_xHistoria
_y1961-1965
_9480
_2LEMB
700 _aRafael Julián,
_eedición
_955928
700 _aNúñez Polanco, Diómedes
_eedición
_987407
910 _aValidado. Control de calidad MMOLINA
942 _2ddc
_cLBS1
999 _c3498
_d3498